Visualizzazione normale
Vista MARC
- Giunco Fabrizio (a cura di)
di Personal Name
Records bibliografici associati: 1
001 - CONTROL NUMBER
- control field: 59777
003 - CONTROL NUMBER IDENTIFIER
- control field:
005 - DATE AND TIME OF LATEST TRANSACTION
- control field: 20230326113221.0
008 - FIXED-LENGTH DATA ELEMENTS
- fixed length control field: 230326|| aca||aabn | a|a d
040 ## - CATALOGING SOURCE
- Original cataloging agency:
- Transcribing agency:
100 ## - HEADING--PERSONAL NAME
- Personal name: Giunco Fabrizio (a cura di)
670 ## - SOURCE DATA FOUND
- Source citation: Work cat.: ()217659: Giunco Fabrizio (a cura di), Aiutare chi aiuta., 1997